History Quiz

Random History or Famous Quiz

Famous Historical 'Q, U, X, Y and Z' First Names Quiz Stats

 Plays Quiz Updated Aug 2, 2017

Support Sporcle.
Go Orange.
Score 0/30 Timer 05:00
3 Plays Today
% Correct
Quentin
94.4%
Yoko
93.7%
Usain
93.4%
Ulysses
93.3%
Queen
93%
Yasser
90%
Yves
89%
Zsa Zsa
88.7%
Zachary
88.2%
Yuri
85.9%
Quincy
85.4%
Ursula
82.1%
Yul
81.7%
Yogi
80%
Yo-Yo
77.6%
% Correct
Zinedine
77.2%
Yitzhak
76.7%
Upton
76.6%
Umberto
76.2%
Xinghai
76.2%
Usher
72.8%
Uri
65.8%
Yeardley
58.8%
Xavi
56.3%
Ulrike
47.9%
Zygmunt
47%
Uhuru
43.7%
Qasim
41.3%
Yuna
38.2%
Yma
36.6%

You're not logged in!

Compare scores with friends on all Sporcle quizzes.
OR
Log In
Forgot?

From the Vault

NFL Playoff Passing Leaders

by ductilescarab90

We'll save you some time: No Cleveland Browns made the list.
Remove Ads.
Support Sporcle.
Get the best of Sporcle when you Go Orange. This ad-free experience offers more features, more stats, and more fun while also helping to support Sporcle. Thank you for becoming a member.

Show Comments

Extras

Top Quizzes Today


Score Distribution

Your Account Isn't Verified!

In order to create a playlist on Sporcle, you need to verify the email address you used during registration. Go to your Sporcle Settings to finish the process.

Report this User

Report this user for behavior that violates our Community Guidelines.

Details: